|
|
|
|
| LEADER |
02995nam a22004333i 4500 |
| 001 |
EBC6825855 |
| 003 |
MiAaPQ |
| 005 |
20231204023220.0 |
| 006 |
m o d | |
| 007 |
cr cnu|||||||| |
| 008 |
231204s2006 xx o ||||0 ger d |
| 020 |
|
|
|a 9783110927832
|q (electronic bk.)
|
| 020 |
|
|
|z 9783899493245
|
| 035 |
|
|
|a (MiAaPQ)EBC6825855
|
| 035 |
|
|
|a (Au-PeEL)EBL6825855
|
| 035 |
|
|
|a (OCoLC)1328135110
|
| 040 |
|
|
|a MiAaPQ
|b eng
|e rda
|e pn
|c MiAaPQ
|d MiAaPQ
|
| 100 |
1 |
|
|a Sommermann, Karl-Peter.
|
| 245 |
1 |
0 |
|a Culture and Science.
|
| 250 |
|
|
|a 1st ed.
|
| 264 |
|
1 |
|a Berlin/Boston :
|b De Gruyter, Inc.,
|c 2006.
|
| 264 |
|
4 |
|c ©2006.
|
| 300 |
|
|
|a 1 online resource (612 pages)
|
| 336 |
|
|
|a text
|b txt
|2 rdacontent
|
| 337 |
|
|
|a computer
|b c
|2 rdamedia
|
| 338 |
|
|
|a online resource
|b cr
|2 rdacarrier
|
| 490 |
1 |
|
|a Veröffentlichungen der Vereinigung der Deutschen Staatsrechtslehrer Series ;
|v v.65
|
| 505 |
0 |
|
|a Intro -- Jahrestagung 2005 -- Erster Beratungsgegenstand. Kultur im Verfassungsstaat -- 1. Bericht von Professor Dr. Karl-Peter Sommermann -- Leitsätze des Berichterstatters -- 2. Bericht von Professor Dr. Stefan Huster -- Leitsätze des Berichterstatters -- 3. Aussprache und Schlussworte -- Zweiter Beratungsgegenstand. Grund und Grenzen der Wissenschaftsfreiheit -- 1. Bericht von Professor Dr. Martin Schulte -- Leitsätze des Berichterstatters -- 2. Bericht von Professor Dr. Matthias Ruffert -- Leitsätze des Berichterstatters -- 3. Aussprache und Schlussworte -- Dritter Beratungsgegenstand. Die Universität im Zeichen von Ökonomisierung und Internationalisierung -- 1. Bericht von Professor Dr. Reinhard Hendler -- Leitsätze des Berichterstatters -- 2. Bericht von Professorin Dr. Ute Mager -- Leitsätze der Berichterstatterin -- 3. Aussprache und Schlussworte -- Vierter Beratungsgegenstand. Sprache als Kultur- und Rechtsgut -- 1. Bericht von Professor Dr. Schweizer -- Leitsätze des Berichterstatters -- 2. Bericht von Professor Dr. Wolfgang Kahl -- Leitsätze des Berichterstatters -- 3. Aussprache und Schlussworte -- Verzeichnis der Redner -- Verzeichnis der Mitglieder der Vereinigung der Deutschen Staatsrechtslehrer -- Satzung der Vereinigung.
|
| 588 |
|
|
|a Description based on publisher supplied metadata and other sources.
|
| 590 |
|
|
|a Electronic reproduction. Ann Arbor, Michigan : ProQuest Ebook Central, 2023. Available via World Wide Web. Access may be limited to ProQuest Ebook Central affiliated libraries.
|
| 655 |
|
4 |
|a Electronic books.
|
| 700 |
1 |
|
|a Huster, Stefan.
|
| 700 |
1 |
|
|a Schulte, Martin.
|
| 700 |
1 |
|
|a Ruffert, Matthias.
|
| 700 |
1 |
|
|a et al., et.
|
| 776 |
0 |
8 |
|i Print version:
|a Sommermann, Karl-Peter
|t Culture and Science
|d Berlin/Boston : De Gruyter, Inc.,c2006
|z 9783899493245
|
| 797 |
2 |
|
|a ProQuest (Firm)
|
| 830 |
|
0 |
|a Veröffentlichungen der Vereinigung der Deutschen Staatsrechtslehrer Series
|
| 856 |
4 |
0 |
|u https://ebookcentral.proquest.com/lib/matrademy/detail.action?docID=6825855
|z Click to View
|